AFL Geelong Cats Player Numbers - Statistics

General Stats
  • This quiz has been taken 21 times
  • The average score is 15 of 44
Answer Stats
Hint Answer % Correct
Patrick Dangerfield 35
78%
Jeremy Cameron 5
78%
Bailey Smith 3
72%
Tom Stewart 44
72%
Shannon Neale 33
67%
Max Holmes 9
67%
Rhys Stanley 1
61%
Tanner Bruhn 4
61%
Shaun Mannnagh 7
61%
Connor O'Sullivan 14
50%
Oliver Dempsey 28
50%
Mark O'Connor 42
50%
Mark Blicavs 46
50%
Sam De Koning 16
44%
Lawson Humphries 17
44%
Tyson Stengle 18
44%
Jack Martin 19
39%
Gryan Miers 32
39%
Oisin Mullin 34
39%
Brad Close 45
39%
Mitchell Edwards 11
33%
Jack Henry 38
33%
Jake Kolodjashnij 8
33%
Mitch Knevitt 10
28%
Jay Polkinghorne 2
28%
Oliver Wiltshire 21
28%
James Worpel 29
28%
Tom Atkins 30
28%
Oliver Henry 36
28%
Zach Guthrie 39
28%
Jhye Clark 13
22%
Toby Conway 6
22%
Jack Bowes 12
17%
Hunter Holmes 22
17%
Jed Bews 24
17%
Cillian Burke 41
17%
George Stevens 15
6%
Lennox Hofmann 23
6%
Jesse Mellor 25
6%
Harley Barker 26
6%
Joe Pike 37
6%
Jacob Molier 20
0%
Nicholas Driscoll 27
0%
Keighton Matofai-Forbes 31
0%
No matching quizzes found
Score Distribution
Percent of People with Each Score
Percentile by Number Answered
Your Score History
You have not taken this quiz